History Quiz

Random History or Year Quiz

'F' in History Quiz Stats

 Plays Quiz Updated Jul 25, 2013

Also try: 'G' in History
Challenge
Share
Tweet
Embed
Score 0/20 Timer 05:00
3 Plays Today
Question Answer % Correct
Which diarist and her family went into hiding in Amsterdam in 1942?Anne Frank
93.4%
Which car manufacturer famously said 'Any color you want, so long as it's black?'Henry Ford
89.8%
Who was assassinated in Sarajevo in 1914, beginning WWI?Franz Ferdinand
88.4%
Which Austrian neurologist founded the discipline of psychoanalysis?Sigmund Freud
84.7%
Which Italian city was home to the Medici, one of history's most important noble families?Florence
80.9%
Which islands did Argentina and the UK fight over in 1982?Falkland Islands
78.1%
Which political movement first became organized under Mussolini in Italy in 1919?Fascism
68.3%
Who was head of state of Spain from the end of the Civil War until his death in 1975?Francisco Franco
67.9%
Which Beijing area was so called because only those with the emperor's permission could enter?Forbidden City
66.6%
Which country gave Soviets 'a drink to go with the food,' in the form of a Molotov cocktail?Finland
65.5%
Question Answer % Correct
Which Russian jewellery firm, famous for its eggs, was founded in St. Petersburg in 1842?Faberge
60.5%
Which conspirator in the Gunpowder Plot was found in the cellar of Westminster Palace in 1605?Guy Fawkes
59.3%
Which Roman landmark was at the heart of ancient Roman affairs, such as elections and trials?Forum
54.6%
Which Italian mathematician, famous for his sequence, popularised Arabic numeral use in Europe?Fibonacci
53.9%
Which fraternal organization, dating back to the 1700s, has a membership of around 6 million?Freemasons
47.5%
Who accidentally discovered penicillin in 1928?Alexander Fleming
42%
Which King of Prussia confirmed the supremacy of Prussia after victory in the Seven Years' War?Frederick the Great
37%
Who was the Norse goddess of love and beauty?Freyja
29%
Which British scientist discovered benzene, and invented the cage that bears his name?Michael Faraday
24.2%
Which aircraft manufacturer dominated the civil aviation market in the 1920s-30s?Fokker
16.5%

You're not logged in!

Compare scores with friends on all Sporcle quizzes.
Join for Free
OR
Log In

You Might Also Like...

Show Comments

Extras

Top Quizzes Today


Score Distribution

Your Account Isn't Verified!

In order to create a playlist on Sporcle, you need to verify the email address you used during registration. Go to your Sporcle Settings to finish the process.

Report this User

Report this user for behavior that violates our Community Guidelines.

Details: